01119nam a2200253Ia 4500003000900000008004100009020001800050040001600068080002700084111009700111245022600208260005000434300001600484490003900500650002600539650002100565700002800586700003700614700003500651700003600686942000700722999001700729952011900746IN-BaIIA211028s9999 xx 000 0 eng d a1-56396-865-7 cIIA Library a523.62-726(082.2)bSOL aInternational Solar Wind Conference on Solar Wind Ninen9cMassachusetts, U.S.Ad1998923306 0aSolar wind ninebproceedings of the ninth international solar wind conference on solar wind nine, held in Massachusetts, U.S.A, October 1998cedited by Shadia Rifai Habbal…[et al.]  aNew YorkbAmerican Institute of Physicsc1999 axxiv, 859p. aAIP conference proceedings; v. 471 aCoronal plasma923307 aSolar wind95747 aEsser, Ruth, ed.923308 aHabbal, Shadia Rifai, ed.923309 aHollweg, Joseph V., ed.923310 aIsenberg, Philip A., ed.923311 cBK c13238d13238 00104070aBANbBANcGENd0000-00-00l1m1o523.62-726(082.2)/ SOLp14156r2025-01-25s2025-01-25w0000-00-00yBK